| 000 | 01041cam a22001934a 4500 | ||
|---|---|---|---|
| 005 | 20250605164044.0 | ||
| 008 | 250528s ||||||||||||||||||||||||d | ||
| 035 | _a17060 | ||
| 020 | _a198112696 | ||
| 040 |
_aGR-AtMCL _bgre _dGR-AtMCL _eAACR2 |
||
| 245 | 1 | _aSexual Dissidence / Augustine to Wilde, Freud to Foucault | |
| 260 |
_bClarendon Press, _c1993 |
||
| 300 | _a390 | ||
| 520 | _aThis book shows how the literature, histories, and subcultures of sexual and gender dissidence prove remarkably illuminating for current debates in literary theory, psychoanalysis, and cultural materialism. An Encounter, Perspectives, Subjectivity and Transgression and Deviant Desire, Transgression and its Containment, Perversion's Lost Histories, Sexual Perversion: Pathology to Politics, Beleaguered Norms and Perverse Dynamics, Transgressive Inscriptions and Early Modern and Post-Modern, Beyond Sexual Difference, Afterword, Bibliography, Index. | ||
| 700 | 1 |
_aDollimore Jonathan _93191 |
|
| 942 | _cBK | ||
| 999 |
_c2500 _d2500 |
||